00749 2200253 4500001002100000005001500021035002000036007000300056008004100059100003300100245004500133300002900178264008700207336002100294337003000315338002300345040002200368082001500390084001700405090001900422650002200441850001200463990002000475INLIS00000000087243220220831095958 a0010-0822001037ta220831n vp g 0 dut d1 aCarp, E. A. D. E.ePengarang10aDe neurosen /cpenulis, E. A. D. E. Carp axi, 449 halaman ;c24 cm31aAmsterdam :bScheltema & Holkema's Boekhandel,ctahun terbit tidak teridentifikasi 2rdacontentateks 2rdamediaatanpa perantara 2rdacarrieravolume aYOPDYOGbinderda04223a616.85 a616.85 CAR n aL 616.85 CAR n 4aSaraf--xPenyakit aYOPDYOG a68857-PD/A.2022